| 000 | 00575nam a22001937a 4500 | ||
|---|---|---|---|
| 003 | LK-CoMWRAF | ||
| 005 | 20240701181822.0 | ||
| 008 | 240212b |||||||| |||| 00| 0 eng d | ||
| 040 |
_aLK-CoMWRAF _dLK-CoMWRAF _eLK-CoMWRAF |
||
| 041 | _aeng | ||
| 082 |
_a305.49 _bPAT |
||
| 100 | _aPathmananda, K. K. | ||
| 245 | _aThe road to development opened up by the interaction of women | ||
| 260 |
_bKonrad adenauer foundation, _c2002 |
||
| 650 | _aPARTICIPATORY DEVELOPEMENT | ||
| 650 | _aDevelopment activities-Women | ||
| 700 |
_aLiyanage, Kamala _eed. _etrans. |
||
| 942 | _cBK | ||
| 999 |
_c4745 _d4745 |
||